000
00366nam a2200133Ia 4500
008
151001s9999||||xx |||||||||||||| ||und||
100
_a
गोविंद केळकर
245
_a
आतुरले मन वेडे
250
_a
1
260
_b
प्रतीभा प्रकाशन पुणे
260
_c
1970
300
_a
96
365
_b
7
999
_c
954949
_d
954946